[Event "Transnational Crown"]
[Site "Montreal CAN"]
[Date "2023.06.09"]
[Round "4.21"]
[White "Johnson, Donald"]
[Black "Andersen, Gunnar"]
[Result "1-0"]
[WhiteElo "2160"]
[BlackElo "2283"]
[PlyCount "105"]
[EventDate "2023.06.06"]
[EventType "swiss"]
[EventRounds "9"]
[EventCountry "CAN"]

1. e4 c5 2. Nf3 Nc6 3. d4 cxd4 4. Nxd4 e5 5. Nb5 d6 6. c4 Be6 7. N1c3 a6 8. Na3
Nf6 9. Nc2 g6 10. Bd3 Bg7 11. O-O O-O 12. Re1 Rc8 13. b3 b5 14. cxb5 axb5 15.
Nxb5 d5 16. exd5 Qxd5 17. Ne3 Qd7 18. Bc4 Nd4 19. Bxe6 fxe6 20. Nxd4 exd4 21.
Nc4 Nd5 22. Qg4 Rf5 23. Qe4 e5 24. f3 Re8 25. a4 Nc3 26. Qd3 Rb8 27. Bd2 Qc7
28. Bxc3 dxc3 29. Rab1 Rd8 30. Qc2 e4 31. Rxe4 Qc5+ 32. Kh1 Rfd5 33. b4 Qc7 34.
b5 Rd4 35. Rxd4 Rxd4 36. Ne3 Be5 37. b6 Qc5 38. b7 Bb8 39. Ng4 Rd2 40. Qe4 Qd6
41. Qc4+ Kf8 42. Qc8+ Qd8 43. Qxd8+ Rxd8 44. Ne3 Rd4 45. g3 Rxa4 46. Rb3 Ra1+
47. Kg2 Rc1 48. Kf2 Kf7 49. Ke2 c2 50. Kd2 Rh1 51. Kxc2 Rxh2+ 52. Kd3 Bxg3 53.
Nf1 1-0

[Event "Transnational Crown"]
[Site "Montreal CAN"]
[Date "2023.06.09"]
[Round "4.22"]
[White "Wang, Tianqi"]
[Black "Golubeva, Oksana"]
[Result "0-1"]
[WhiteElo "2361"]
[BlackElo "2179"]
[PlyCount "42"]
[EventDate "2023.06.06"]
[EventType "swiss"]
[EventRounds "9"]
[EventCountry "CAN"]

1. b3 d5 2. Bb2 c5 3. e3 Nc6 4. Nf3 a6 5. d4 Nf6 6. dxc5 e6 7. c4 Bxc5 8. cxd5
Bb4+ 9. Nbd2 Qxd5 10. a3 Be7 11. Nc4 O-O 12. Qc2 Rd8 13. Be2 Qe4 14. Qc1 Bd7
15. Nb6 Rab8 16. O-O Be8 17. Qc3 Qg6 18. Rad1 Ne4 19. Qc1 Bf6 20. Bxf6 Qxf6 21.
Bd3 Nc3 0-1

[Event "Transnational Crown"]
[Site "Montreal CAN"]
[Date "2023.06.09"]
[Round "4.24"]
[White "Xu, Daniel"]
[Black "Hernandez Moya, Yuleisy"]
[Result "1/2-1/2"]
[WhiteElo "2276"]
[BlackElo "2202"]
[PlyCount "150"]
[EventDate "2023.06.06"]
[EventType "swiss"]
[EventRounds "9"]
[EventCountry "CAN"]

1. e4 e6 2. d4 d5 3. Nd2 c5 4. Ngf3 cxd4 5. exd5 Qxd5 6. Bc4 Qd6 7. O-O Nf6 8.
Nb3 Nc6 9. Nbxd4 Nxd4 10. Nxd4 Be7 11. c3 O-O 12. Qf3 Qc7 13. Bb3 a5 14. a4 Bd7
15. Re1 Bd6 16. h3 e5 17. Nb5 Bxb5 18. axb5 e4 19. Qf5 Rae8 20. h4 Re5 21. Qh3
Rxb5 22. Ba4 Re5 23. Be3 Qc8 24. Qxc8 Rxc8 25. Bd4 Re7 26. Bc2 Bc5 27. Bxf6
gxf6 28. Rxa5 b6 29. Rb5 e3 30. Kf1 Rc6 31. f3 Re5 32. Be4 Rc7 33. g4 h6 34. h5
Rd7 35. b4 Bd4 36. cxd4 Rxb5 37. Bc6 Rbd5 38. Bxd7 Rxd7 39. Rd1 f5 40. gxf5 Kg7
41. Ke2 Kf6 42. Kxe3 Kxf5 43. d5 Ke5 44. f4+ Kd6 45. Ke4 Rc7 46. Rd4 b5 47. Kf5
Rc1 48. Rd3 Rh1 49. Kf6 Rxh5 50. f5 Rh4 51. Kxf7 Rxb4 52. f6 Rf4 53. Kg7 h5 54.
f7 Rg4+ 55. Kf8 Rf4 56. Ke8 Re4+ 57. Kd8 Rf4 58. Ke8 Re4+ 59. Kf8 Rf4 60. Rd2
h4 61. Kg7 Rg4+ 62. Kf8 Rf4 63. Rd3 b4 64. Kg7 Rg4+ 65. Kf6 Rf4+ 66. Kg6 h3 67.
Rxh3 Kxd5 68. Rh4 Rxf7 69. Kxf7 Kc5 70. Ke6 b3 71. Ke5 b2 72. Rh8 Kc4 73. Rb8
Kc3 74. Ke4 Kc2 75. Rxb2+ Kxb2 1/2-1/2

[Event "Transnational Crown"]
[Site "Montreal CAN"]
[Date "2023.06.09"]
[Round "4.25"]
[White "Ouellet, Maili-Jade"]
[Black "Demchenko, Svitlana"]
[Result "0-1"]
[WhiteElo "2243"]
[BlackElo "2173"]
[PlyCount "78"]
[EventDate "2023.06.06"]
[EventType "swiss"]
[EventRounds "9"]
[EventCountry "CAN"]

1. d4 d5 2. c4 e6 3. Nc3 h6 4. Bf4 Bd6 5. Bxd6 Qxd6 6. c5 Qe7 7. e3 Nf6 8. Nf3
Nbd7 9. b4 c6 10. b5 e5 11. Be2 O-O 12. O-O Ne4 13. Rc1 Nxc3 14. Rxc3 e4 15.
Nd2 f5 16. bxc6 bxc6 17. Qa4 Qe6 18. Nc4 Rb8 19. Qxa7 f4 20. exf4 Rb4 21. Nd6
Rxd4 22. f5 Qe7 23. Qc7 Qe5 24. Qxc6 Rd2 25. Re3 Nb8 26. Qb6 Bxf5 27. Qa5 Rb2
28. Bb5 Bd7 29. a4 Qf6 30. Qe1 Nc6 31. Re2 Nd4 32. Rxb2 Nf3+ 33. Kh1 Nxe1 34.
Rxe1 Qxb2 35. Bxd7 Qxf2 36. Rg1 Qxc5 37. Nb5 e3 38. Bg4 Rf2 39. h3 e2 0-1

[Event "Transnational Crown"]
[Site "Montreal CAN"]
[Date "2023.06.09"]
[Round "4.26"]
[White "Jaferian, Koosha"]
[Black "Vidyarthi, Omya"]
[Result "1-0"]
[WhiteElo "2201"]
[BlackElo "2081"]
[PlyCount "97"]
[EventDate "2023.06.06"]
[EventType "swiss"]
[EventRounds "9"]
[EventCountry "CAN"]

1. d4 d5 2. c4 c6 3. Nf3 Nf6 4. Nc3 dxc4 5. a4 Bf5 6. Ne5 Nbd7 7. Nxc4 Nb6 8.
Ne5 a5 9. h4 Nfd7 10. e4 Nxe5 11. exf5 Ned7 12. h5 e5 13. fxe6 Qe7 14. Rh3
O-O-O 15. Bf4 Qxe6+ 16. Re3 Qf6 17. Qg4 h6 18. d5 Bd6 19. Bxd6 Qxd6 20. dxc6
bxc6 21. Rd1 Qb4 22. Qf3 Kc7 23. Qxf7 Rhf8 24. Qxg7 Rfe8 25. Rxe8 Rxe8+ 26. Be2
Re7 27. Qd4 Kb7 28. Kf1 Qxb2 29. Rb1 Qa3 30. Qd3 Qc5 31. Ne4 Qe5 32. Qa6+ Kc7
33. Bf3 Qd4 34. Qa7+ Kc8 35. Rd1 Qc4+ 36. Be2 Qxe2+ 37. Kxe2 Rxe4+ 38. Kf1 Rxa4
39. Rc1 c5 40. Rxc5+ Nxc5 41. Qxb6 Ra1+ 42. Ke2 Ra2+ 43. Ke3 Ra3+ 44. Kd4 Nd7
45. Qxh6 Ra1 46. Qc6+ Kd8 47. h6 Rh1 48. g3 a4 49. Qxh1 1-0

[Event "Transnational Crown"]
[Site "Montreal CAN"]
[Date "2023.06.09"]
[Round "5.1"]
[White "Bartel, Mateusz"]
[Black "Liang, Awonder"]
[Result "1/2-1/2"]
[WhiteElo "2609"]
[BlackElo "2651"]
[PlyCount "107"]
[EventDate "2023.06.06"]
[EventType "swiss"]
[EventRounds "9"]
[EventCountry "CAN"]

1. e4 e5 2. Nf3 Nc6 3. Bb5 a6 4. Ba4 Nf6 5. O-O Be7 6. Bxc6 dxc6 7. Re1 Nd7 8.
d4 exd4 9. Qxd4 O-O 10. Bf4 Bc5 11. Qc3 a5 12. Nbd2 Bb4 13. Qe3 Bc5 14. Qd3 b5
15. Nb3 Bb6 16. Bg5 Qe8 17. Be3 Ne5 18. Nxe5 Qxe5 19. Bd4 Qg5 20. Re3 Bg4 21.
Rg3 Rad8 22. Qe3 Qxe3 23. fxe3 Bxd4 24. exd4 Be6 25. c3 Bxb3 26. axb3 Rfe8 27.
Re3 Ra8 28. Kf2 f6 29. Ke2 Kf7 30. Kd3 Ke6 31. Rf3 Kd6 32. Rf5 Re6 33. g4 Rae8
34. Re1 h6 35. h4 Ra8 36. Re2 a4 37. bxa4 Rxa4 38. g5 hxg5 39. hxg5 Ra1 40.
gxf6 gxf6 41. Rxf6 Rxf6 42. e5+ Kd5 43. exf6 Rf1 44. Re7 Rxf6 45. Rd7+ Ke6 46.
Rxc7 Kd6 47. Ra7 Rf2 48. b4 Rf3+ 49. Kc2 Rf2+ 50. Kb3 Rf3 51. Rh7 Rf2 52. Rh6+
Kc7 53. Rh5 Kb6 54. d5 1/2-1/2

[Event "Transnational Crown"]
[Site "Montreal CAN"]
[Date "2023.06.09"]
[Round "5.3"]
[White "Almeida Quintana, Omar"]
[Black "Woodward, Andy"]
[Result "1/2-1/2"]
[WhiteElo "2520"]
[BlackElo "2466"]
[PlyCount "82"]
[EventDate "2023.06.06"]
[EventType "swiss"]
[EventRounds "9"]
[EventCountry "CAN"]

1. d4 Nf6 2. Nf3 g6 3. c4 Bg7 4. Nc3 d5 5. Bg5 Ne4 6. Bf4 Nxc3 7. bxc3 c5 8. e3
O-O 9. cxd5 Qxd5 10. Be2 cxd4 11. cxd4 Qa5+ 12. Qd2 Nc6 13. Qxa5 Nxa5 14. Rc1
Be6 15. e4 Rfc8 16. d5 Bd7 17. Kd2 Ba4 18. Rxc8+ Rxc8 19. Rc1 Rxc1 20. Kxc1 Bc3
21. Be3 b6 22. Nd4 Kf8 23. Ba6 e5 24. dxe6 Bxd4 25. Bxd4 Bb3 26. Bc3 Bxe6 27.
Bxa5 bxa5 28. a3 Ke7 29. Kd2 Kd6 30. Kd3 Kc5 31. Kc3 g5 32. f3 f6 33. g3 h6 34.
h4 Bf7 35. Bd3 Bh5 36. f4 Bf7 37. e5 gxh4 38. gxh4 fxe5 39. fxe5 Be6 40. Be4
Bc4 41. Bf3 Bd5 1/2-1/2

[Event "Transnational Crown"]
[Site "Montreal CAN"]
[Date "2023.06.09"]
[Round "5.4"]
[White "Rodrigue-Lemieux, Shawn"]
[Black "Moradiabadi, Elshan"]
[Result "1-0"]
[WhiteElo "2469"]
[BlackElo "2520"]
[PlyCount "23"]
[EventDate "2023.06.06"]
[EventType "swiss"]
[EventRounds "9"]
[EventCountry "CAN"]

1. e4 e6 2. d4 d5 3. Nd2 c5 4. exd5 Qxd5 5. Ngf3 cxd4 6. g3 Bd7 7. Bc4 Qh5 8.
O-O Nc6 9. Nb3 Nf6 10. Be2 e5 11. Ng5 Ng4 12. h3 1-0

[Event "Transnational Crown"]
[Site "Montreal CAN"]
[Date "2023.06.09"]
[Round "5.6"]
[White "Bruzon Batista, Lazaro"]
[Black "Korley, Kassa"]
[Result "1/2-1/2"]
[WhiteElo "2617"]
[BlackElo "2461"]
[PlyCount "47"]
[EventDate "2023.06.06"]
[EventType "swiss"]
[EventRounds "9"]
[EventCountry "CAN"]

1. d4 e6 2. Nf3 d5 3. c4 c5 4. cxd5 exd5 5. Nc3 Nc6 6. a3 Nf6 7. Bg5 cxd4 8.
Nxd4 Bc5 9. e3 O-O 10. Nxc6 bxc6 11. Be2 Rb8 12. O-O Bd6 13. Qc2 Be5 14. Na4
Qc7 15. Bxf6 Bxf6 16. Rac1 a5 17. Bd3 h5 18. Bh7+ Kh8 19. Bf5 Be5 20. Bxc8
Rfxc8 21. g3 g6 22. Qe2 Qb7 23. Qf3 Kg7 24. Qd1 1/2-1/2

[Event "Transnational Crown"]
[Site "Montreal CAN"]
[Date "2023.06.09"]
[Round "5.8"]
[White "Lenderman, Alexandr"]
[Black "Posthuma, Joshua"]
[Result "1/2-1/2"]
[WhiteElo "2566"]
[BlackElo "2457"]
[PlyCount "93"]
[EventDate "2023.06.06"]
[EventType "swiss"]
[EventRounds "9"]
[EventCountry "CAN"]

1. d4 d5 2. c4 e6 3. Nc3 a6 4. cxd5 exd5 5. Nf3 c6 6. Qc2 Nf6 7. Bg5 Be6 8. e3
h6 9. Bf4 c5 10. dxc5 Bxc5 11. Be2 Nc6 12. O-O O-O 13. Rfd1 Qe7 14. Ne5 Nb4 15.
Qb1 Bd6 16. Bg3 Rfd8 17. Nf3 Bc5 18. Bh4 Nc6 19. Nd4 Nxd4 20. exd4 Bb4 21. Qd3
Rac8 22. Rac1 Bxc3 23. Rxc3 Bf5 24. Qe3 Qxe3 25. fxe3 g5 26. Rf1 Bg4 27. Rxf6
Rxc3 28. bxc3 Bxe2 29. Bg3 Rc8 30. Rxh6 Rc6 31. Rxc6 bxc6 32. h4 gxh4 33. Bxh4
Kg7 34. Kf2 Bc4 35. a3 Kg6 36. g4 f6 37. Kg3 Bd3 38. Kf4 Kf7 39. Bf2 Ke6 40.
Kg3 Be2 41. Kh4 Kf7 42. Bg3 Bf3 43. Bc7 Be4 44. Kg3 Bd3 45. Kf4 Ke6 46. Bd8 Bb1
47. g5 1/2-1/2

[Event "Transnational Crown"]
[Site "Montreal CAN"]
[Date "2023.06.09"]
[Round "5.10"]
[White "Szabo, Gergely-Andras-Gyul"]
[Black "Lee, Alice"]
[Result "1/2-1/2"]
[WhiteElo "2504"]
[BlackElo "2390"]
[PlyCount "67"]
[EventDate "2023.06.06"]
[EventType "swiss"]
[EventRounds "9"]
[EventCountry "CAN"]

1. e4 e5 2. Nf3 Nf6 3. d4 Nxe4 4. Bd3 d5 5. Nxe5 Nd7 6. Nc3 Nxc3 7. bxc3 Nxe5
8. dxe5 Bc5 9. O-O O-O 10. Rb1 c6 11. Qf3 Qh4 12. Be3 b6 13. Bxc5 bxc5 14. c4
Be6 15. Qe3 dxc4 16. Be4 Bd5 17. f4 Qe7 18. Bxd5 cxd5 19. f5 Rfe8 20. Rbe1 f6
21. Qf3 Rad8 22. exf6 Qxe1 23. Rxe1 Rxe1+ 24. Kf2 Re5 25. fxg7 Rd7 26. f6 Re6
27. g4 Rxf6 28. Qxf6 Rf7 29. g5 Rxf6+ 30. gxf6 d4 31. Kf3 c3 32. Ke4 Kf7 33. h4
h5 34. Kd3 1/2-1/2

[Event "Transnational Crown"]
[Site "Montreal CAN"]
[Date "2023.06.09"]
[Round "5.12"]
[White "Kantans, Toms"]
[Black "Han, Johnathan"]
[Result "1-0"]
[WhiteElo "2486"]
[BlackElo "2140"]
[PlyCount "109"]
[EventDate "2023.06.06"]
[EventType "swiss"]
[EventRounds "9"]
[EventCountry "CAN"]

1. e4 c5 2. Nf3 d6 3. Bb5+ Nd7 4. a4 Ngf6 5. Nc3 a6 6. Bc4 e6 7. d4 cxd4 8.
Nxd4 Qc7 9. Qe2 Ne5 10. Bb3 Be7 11. O-O O-O 12. Kh1 Nc6 13. Nxc6 bxc6 14. f4 a5
15. Rf3 d5 16. Bd2 Rd8 17. e5 Nd7 18. Rh3 Nf8 19. Nd1 f5 20. c4 Rb8 21. Rc1 Ba6
22. Qe1 Bb4 23. cxd5 exd5 24. Nc3 Qe7 25. Na2 c5 26. Nxb4 axb4 27. Bc2 g6 28.
Be3 Ne6 29. Bf2 Qf7 30. Bh4 Rd7 31. Bf6 Nxf4 32. Rf3 Ne2 33. Bxf5 gxf5 34. Rxc5
d4 35. Rxf5 h6 36. Qd2 Kh7 37. Rf2 Qg6 38. Qd1 Qh5 39. Qb1+ d3 40. Rc6 Ng3+ 41.
Kg1 Ne2+ 42. Kh1 Rc8 43. e6 Rd5 44. Rxa6 Rc1+ 45. Qxc1 Nxc1 46. Ra7+ Kg8 47.
Ra8+ Kh7 48. Rh8+ Kg6 49. Rg8+ Kh7 50. Rg7+ Kh8 51. Rg5+ Kh7 52. Rxh5 Rxh5 53.
e7 d2 54. Rxd2 Rf5 55. g4 1-0

[Event "Transnational Crown"]
[Site "Montreal CAN"]
[Date "2023.06.09"]
[Round "5.13"]
[White "Cervantes Landeiro, Thalia"]
[Black "Meshkovs, Nikita"]
[Result "0-1"]
[WhiteElo "2271"]
[BlackElo "2573"]
[PlyCount "86"]
[EventDate "2023.06.06"]
[EventType "swiss"]
[EventRounds "9"]
[EventCountry "CAN"]

1. d4 Nf6 2. c4 e6 3. Nf3 a6 4. Nc3 d5 5. cxd5 exd5 6. Bg5 Be6 7. e3 Nbd7 8.
Bd3 Bd6 9. O-O O-O 10. e4 dxe4 11. Bxe4 Qb8 12. d5 Bg4 13. h3 Bh5 14. Bf5 Re8
15. Qd3 Qa7 16. Rae1 Bg6 17. Nh4 Qb6 18. Be3 Qb4 19. Qd4 Qxb2 20. Rb1 Qa3 21.
Nxg6 hxg6 22. Bxd7 Nxd7 23. Rxb7 Be5 24. Qa4 Qxc3 25. Qxd7 Bd6 26. Rb3 Qe5 27.
g3 Qxd5 28. Qg4 Re4 29. Qd1 Qe6 30. Kg2 a5 31. Qf3 Re8 32. Rfb1 Ra4 33. Rb8 Rb4
34. R1xb4 axb4 35. Qa8 Rxb8 36. Qxb8+ Kh7 37. Qd8 Qd5+ 38. Kg1 f6 39. Bf4 Qxa2
40. Bxd6 cxd6 41. Qxd6 b3 42. Qd5 Qc2 43. Qd4 b2 0-1

[Event "Transnational Crown"]
[Site "Montreal CAN"]
[Date "2023.06.09"]
[Round "5.15"]
[White "Golubeva, Oksana"]
[Black "Vidyarthi, Vyom"]
[Result "0-1"]
[WhiteElo "2179"]
[BlackElo "2436"]
[PlyCount "72"]
[EventDate "2023.06.06"]
[EventType "swiss"]
[EventRounds "9"]
[EventCountry "CAN"]

1. e4 e5 2. Nf3 Nc6 3. Nc3 Nf6 4. Bb5 Bd6 5. d3 a6 6. Bc4 Na5 7. O-O c6 8. Nh4
Bb4 9. Nf5 O-O 10. f4 Nxc4 11. dxc4 d6 12. fxe5 dxe5 13. Qxd8 Rxd8 14. Bg5 Bxf5
15. Rxf5 Rd4 16. Bxf6 gxf6 17. Rxf6 Rxc4 18. Raf1 Rf8 19. R1f3 Bxc3 20. Rg3+
Kh8 21. bxc3 Rxe4 22. Rh6 Rd8 23. Rf6 Rd1+ 24. Kf2 Rd2+ 25. Kf3 Ree2 26. Kg4
Rf2 27. Rf5 f6 28. Rff3 e4 29. Rf4 h5+ 30. Kf5 Rd5+ 31. Ke6 Rxf4 32. c4 Rg5 33.
Rb3 Kg7 34. Rxb7+ Kg6 35. Rb8 Re5+ 36. Kd6 e3 0-1

[Event "Transnational Crown"]
[Site "Montreal CAN"]
[Date "2023.06.09"]
[Round "5.17"]
[White "Msellek, Ilyass"]
[Black "Johnson, Donald"]
[Result "1-0"]
[WhiteElo "2405"]
[BlackElo "2160"]
[PlyCount "67"]
[EventDate "2023.06.06"]
[EventType "swiss"]
[EventRounds "9"]
[EventCountry "CAN"]

1. e4 e5 2. Nf3 Nc6 3. Bb5 a6 4. Ba4 Nf6 5. Nc3 b5 6. Bb3 Bc5 7. d3 h6 8. Nd5
d6 9. c3 Rb8 10. O-O O-O 11. Be3 Nxd5 12. Bxd5 Bxe3 13. fxe3 Ne7 14. Bb3 Ng6
15. Qe1 Qe7 16. h4 Bg4 17. Qg3 Bh5 18. Rf2 a5 19. a3 b4 20. cxb4 axb4 21. a4 c6
22. Nh2 d5 23. Rf5 Be2 24. h5 Nh4 25. Rxe5 Qd6 26. d4 dxe4 27. Re1 Bd3 28. Ng4
Qd8 29. Nxh6+ Kh7 30. Nxf7 Rxf7 31. Bxf7 Qf6 32. Bg6+ Kg8 33. Re6 Nxg6 34. Rxf6
1-0

[Event "Transnational Crown"]
[Site "Montreal CAN"]
[Date "2023.06.09"]
[Round "5.19"]
[White "Dukic, Zachary"]
[Black "Song, Edward"]
[Result "1-0"]
[WhiteElo "2151"]
[BlackElo "2375"]
[PlyCount "81"]
[EventDate "2023.06.06"]
[EventType "swiss"]
[EventRounds "9"]
[EventCountry "CAN"]

1. e4 c5 2. Nf3 e6 3. d4 cxd4 4. Nxd4 a6 5. Nc3 Qc7 6. Bd3 Nf6 7. O-O d6 8. Re1
Be7 9. f4 Nbd7 10. Kh1 b5 11. a4 b4 12. Na2 Bb7 13. Nxb4 d5 14. exd5 Bxb4 15.
dxe6 Bxe1 16. exd7+ Qxd7 17. Qxe1+ Kf8 18. Qg1 h5 19. Nf5 Re8 20. Bd2 h4 21.
Qc5+ Kg8 22. Nxg7 Qg4 23. Qg5 Qxg5 24. fxg5 Kxg7 25. gxf6+ Kg8 26. b3 Rh5 27.
Rf1 Be4 28. Bxa6 Bxc2 29. a5 Rd8 30. Bc3 Bd3 31. Bxd3 Rxd3 32. a6 Rd7 33. Ra1
Ra7 34. Bd4 Ra8 35. b4 Rb5 36. Bc5 Kh7 37. a7 Kg6 38. Rf1 Kg5 39. Kg1 Rb7 40.
Rf3 Rd7 41. b5 1-0

[Event "Transnational Crown"]
[Site "Montreal CAN"]
[Date "2023.06.09"]
[Round "5.20"]
[White "Hua, Eugene"]
[Black "Tanaka, Tyler"]
[Result "1/2-1/2"]
[WhiteElo "2275"]
[BlackElo "2315"]
[PlyCount "77"]
[EventDate "2023.06.06"]
[EventType "swiss"]
[EventRounds "9"]
[EventCountry "CAN"]

1. d4 Nf6 2. Nf3 d5 3. Bf4 c5 4. e3 cxd4 5. exd4 Nc6 6. c3 Bf5 7. Qb3 Qc8 8.
Be2 h6 9. O-O e6 10. a4 Be7 11. Nbd2 O-O 12. a5 a6 13. Ne5 Ne4 14. Nxe4 Bxe4
15. Qb6 Nxe5 16. Bxe5 Qd7 17. Bd1 Bd3 18. Re1 Rfc8 19. Qb3 Qb5 20. Qxb5 axb5
21. Re3 Bg6 22. b4 Ra6 23. Be2 f6 24. Bf4 Be8 25. Re1 Bd7 26. h4 Bd8 27. h5 Kf7
28. Bd3 Kf8 29. Bf1 Kf7 30. Bd3 Ke7 31. Rg3 Kf8 32. Bf1 b6 33. Bd6+ Kf7 34.
axb6 Bxb6 35. Bc5 Bc7 36. Rge3 e5 37. f3 Rca8 38. Bd3 Ra1 39. Bg6+ 1/2-1/2

[Event "Transnational Crown"]
[Site "Montreal CAN"]
[Date "2023.06.09"]
[Round "5.21"]
[White "Krishnan, Varun"]
[Black "Zheng, Richard"]
[Result "1-0"]
[WhiteElo "2378"]
[BlackElo "2192"]
[PlyCount "57"]
[EventDate "2023.06.06"]
[EventType "swiss"]
[EventRounds "9"]
[EventCountry "CAN"]

1. e4 c6 2. d4 d5 3. f3 Qb6 4. Nc3 dxe4 5. fxe4 e5 6. Nf3 exd4 7. Nxd4 Bc5 8.
Na4 Qa5+ 9. c3 Be7 10. Bc4 Nf6 11. O-O O-O 12. b4 Qd8 13. e5 Nd5 14. Kh1 Nd7
15. Qh5 N7b6 16. Nxb6 axb6 17. Bd2 c5 18. Nf3 Be6 19. Ng5 Bxg5 20. Bxg5 Qc7 21.
Bd3 g6 22. Qh6 f5 23. exf6 Qf7 24. Rac1 Rfe8 25. Bb5 Nxc3 26. Bxe8 Rxe8 27.
Qg7+ Qxg7 28. fxg7 cxb4 29. Bf6 1-0

[Event "Transnational Crown"]
[Site "Montreal CAN"]
[Date "2023.06.09"]
[Round "5.23"]
[White "Andersen, Gunnar"]
[Black "Kantane, Anna"]
[Result "0-1"]
[WhiteElo "2283"]
[BlackElo "2260"]
[PlyCount "66"]
[EventDate "2023.06.06"]
[EventType "swiss"]
[EventRounds "9"]
[EventCountry "CAN"]

1. d4 Nf6 2. Nc3 d5 3. Bf4 e6 4. Nb5 Na6 5. e3 c6 6. Nc3 Be7 7. Nf3 O-O 8. Ne5
Nd7 9. Qh5 Nxe5 10. Bxe5 g6 11. Qh6 f6 12. Bg3 b5 13. O-O-O Rf7 14. f3 b4 15.
Ne2 c5 16. dxc5 Nxc5 17. Kb1 e5 18. e4 d4 19. Nc1 Be6 20. Nb3 a5 21. Nxc5 Bxc5
22. f4 Bf8 23. Qh4 a4 24. Rc1 b3 25. a3 bxc2+ 26. Rxc2 Qb6 27. fxe5 Bxa3 28.
exf6 Qb3 29. Qg5 Qa2+ 30. Kc1 Qa1+ 31. Kd2 Bb4+ 32. Ke2 d3+ 33. Kf3 Qd1+ 0-1

[Event "Transnational Crown"]
[Site "Montreal CAN"]
[Date "2023.06.09"]
[Round "5.24"]
[White "Hernandez Moya, Yuleisy"]
[Black "Lawson, Eric"]
[Result "1/2-1/2"]
[WhiteElo "2202"]
[BlackElo "2217"]
[PlyCount "23"]
[EventDate "2023.06.06"]
[EventType "swiss"]
[EventRounds "9"]
[EventCountry "CAN"]

1. e4 e5 2. Nf3 Nf6 3. Nxe5 d6 4. Nf3 Nxe4 5. Nc3 Nxc3 6. dxc3 Be7 7. Be3 Nc6
8. Qd2 Be6 9. Nd4 Nxd4 10. cxd4 d5 11. Bd3 Qd7 12. O-O-O 1/2-1/2

[Event "Transnational Crown"]
[Site "Montreal CAN"]
[Date "2023.06.09"]
[Round "5.26"]
[White "Nunez-Painchaud, Raphael"]
[Black "Ouellet, Maili-Jade"]
[Result "1/2-1/2"]
[WhiteElo "2098"]
[BlackElo "2243"]
[PlyCount "37"]
[EventDate "2023.06.06"]
[EventType "swiss"]
[EventRounds "9"]
[EventCountry "CAN"]

1. d4 d5 2. c4 e6 3. Nf3 Nf6 4. g3 Bb4+ 5. Bd2 Be7 6. Bg2 Nbd7 7. O-O c6 8. Qc2
Ne4 9. Nc3 Nxd2 10. Nxd2 O-O 11. Rad1 Nf6 12. e4 dxe4 13. Ndxe4 Qc7 14. Rd2 Bd7
15. d5 cxd5 16. cxd5 Qb6 17. dxe6 Bxe6 18. Nxf6+ Bxf6 19. Nd5 1/2-1/2

[Event "Transnational Crown"]
[Site "Montreal CAN"]
[Date "2023.06.10"]
[Round "6.1"]
[White "Liang, Awonder"]
[Black "Rodrigue-Lemieux, Shawn"]
[Result "1/2-1/2"]
[WhiteElo "2651"]
[BlackElo "2469"]
[PlyCount "74"]
[EventDate "2023.06.06"]
[EventType "swiss"]
[EventRounds "9"]
[EventCountry "CAN"]

1. e4 c6 2. Nf3 d5 3. d3 dxe4 4. dxe4 Qxd1+ 5. Kxd1 Nf6 6. Nfd2 g5 7. Nc3 h5 8.
a4 Bh6 9. h3 Be6 10. Nf3 g4 11. Bxh6 Rxh6 12. Ng5 gxh3 13. Nxh3 Bxh3 14. Rxh3
Nbd7 15. Bd3 Nc5 16. Ke2 Ne6 17. Rh4 Nd4+ 18. Ke3 e5 19. f3 Rg6 20. Kf2 Rd8 21.
Re1 Ke7 22. Nd1 Nxc2 23. Bxc2 Rd2+ 24. Kf1 Rxc2 25. Rh2 Rg5 26. Re2 Rxe2 27.
Kxe2 Ne8 28. Ne3 Nd6 29. Kd3 f5 30. exf5 Nxf5 31. Nxf5+ Rxf5 32. Rh4 Ke6 33.
Ke4 a5 34. g3 Rg5 35. b3 b5 36. Rh1 Kd6 37. Rd1+ Ke6 1/2-1/2

[Event "Transnational Crown"]
[Site "Montreal CAN"]
[Date "2023.06.10"]
[Round "6.3"]
[White "Woodward, Andy"]
[Black "Bartel, Mateusz"]
[Result "1/2-1/2"]
[WhiteElo "2466"]
[BlackElo "2609"]
[PlyCount "49"]
[EventDate "2023.06.06"]
[EventType "swiss"]
[EventRounds "9"]
[EventCountry "CAN"]

1. d4 d5 2. c4 e6 3. Nf3 Nf6 4. g3 Bb4+ 5. Bd2 Bd6 6. Bg2 c6 7. Nc3 dxc4 8. Ne5
Be7 9. Bc1 Nbd7 10. Nxc4 Nb6 11. Ne5 c5 12. Be3 cxd4 13. Bxd4 O-O 14. O-O Nfd5
15. Nxd5 Nxd5 16. Rc1 f6 17. Nd3 e5 18. Bc5 Be6 19. Bxe7 Qxe7 20. Nc5 Nb6 21.
Nxb7 Rac8 22. Qd6 Qxd6 23. Nxd6 Rxc1 24. Rxc1 Rd8 25. Rc6 1/2-1/2

[Event "Transnational Crown"]
[Site "Montreal CAN"]
[Date "2023.06.10"]
[Round "6.4"]
[White "Almeida Quintana, Omar"]
[Black "Matviishen, Viktor"]
[Result "0-1"]
[WhiteElo "2520"]
[BlackElo "2538"]
[PlyCount "88"]
[EventDate "2023.06.06"]
[EventType "swiss"]
[EventRounds "9"]
[EventCountry "CAN"]

1. d4 Nf6 2. Nf3 e6 3. c4 b6 4. g3 Ba6 5. Qa4 Bb7 6. Bg2 c5 7. dxc5 Bxc5 8. Nc3
O-O 9. O-O Be7 10. Rd1 Na6 11. Bf4 Nc5 12. Qc2 h6 13. Rd4 d5 14. Rad1 Qc8 15.
Ne5 dxc4 16. Nxc4 Bxg2 17. Kxg2 Qc6+ 18. f3 Rfd8 19. Ne5 Qb7 20. Rxd8+ Rxd8 21.
Rxd8+ Bxd8 22. Nb5 Be7 23. b4 Na6 24. a3 Nb8 25. Qd3 Nd5 26. e4 Nxf4+ 27. gxf4
Nc6 28. Qc4 Nxe5 29. fxe5 Bg5 30. Kg3 Bd8 31. Qc1 Qe7 32. Kg2 Qh4 33. Nxa7 Bg5
34. Qg1 Qf4 35. Qxb6 Qc1 36. Qc5 Qxa3 37. Nc6 Kh7 38. Qc2 Be3 39. b5 Qa1 40.
Qe2 Qg1+ 41. Kh3 g5 42. Nb4 h5 43. Nd3 Kh6 44. Ne1 Bf4 0-1

[Event "Transnational Crown"]
[Site "Montreal CAN"]
[Date "2023.06.10"]
[Round "6.6"]
[White "Posthuma, Joshua"]
[Black "Bruzon Batista, Lazaro"]
[Result "1/2-1/2"]
[WhiteElo "2457"]
[BlackElo "2617"]
[PlyCount "124"]
[EventDate "2023.06.06"]
[EventType "swiss"]
[EventRounds "9"]
[EventCountry "CAN"]

1. d4 Nf6 2. c4 c5 3. d5 g6 4. Nc3 Bg7 5. e4 d6 6. h3 e6 7. Nf3 O-O 8. Bd3 Na6
9. O-O Nc7 10. Re1 b6 11. a4 a5 12. dxe6 Nxe6 13. Be3 Nd7 14. Be2 Ne5 15. Nxe5
Bxe5 16. Qd2 Bb7 17. Rad1 Nd4 18. Bxd4 cxd4 19. Nb5 Bxe4 20. Nxd4 Qf6 21. Bf3
Bxf3 22. Nxf3 Bxb2 23. Qxd6 Rfc8 24. Qxf6 Bxf6 25. Rd6 Kg7 26. Re4 Re8 27. Rxe8
Rxe8 28. Rxb6 Rc8 29. Rb5 Bc3 30. Ng5 Rxc4 31. Rb7 Be5 32. g3 Rc7 33. Rxc7 Bxc7
34. f4 h6 35. Ne4 f5 36. Nc3 Kf7 37. Kf2 Ke6 38. Kf3 h5 39. g4 Bb6 40. gxh5
gxh5 41. Kg3 Bd8 42. Kf3 Bf6 43. Ne2 h4 44. Ke3 Kd5 45. Kd3 Kc5 46. Nc3 Bd4 47.
Nb5 Bf2 48. Ke2 Bg3 49. Kd3 Kb4 50. Nd4 Kxa4 51. Kc4 Ka3 52. Nxf5 a4 53. Nd6
Bxf4 54. Nb5+ Kb2 55. Kb4 Be5 56. Kxa4 Kc2 57. Kb4 Kd3 58. Kc5 Ke4 59. Kc4 Kf3
60. Nd4+ Bxd4 61. Kxd4 Kg3 62. Ke3 Kxh3 1/2-1/2

[Event "Transnational Crown"]
[Site "Montreal CAN"]
[Date "2023.06.10"]
[Round "6.7"]
[White "Korley, Kassa"]
[Black "Neiksans, Arturs"]
[Result "1/2-1/2"]
[WhiteElo "2461"]
[BlackElo "2605"]
[PlyCount "64"]
[EventDate "2023.06.06"]
[EventType "swiss"]
[EventRounds "9"]
[EventCountry "CAN"]

1. Nf3 Nf6 2. g3 b5 3. Bg2 Bb7 4. O-O e6 5. d3 Be7 6. Na3 a6 7. e4 d5 8. exd5
exd5 9. c4 b4 10. Nc2 O-O 11. Ncd4 Re8 12. a3 c5 13. Nf5 Bf8 14. axb4 cxb4 15.
Bf4 a5 16. N3d4 g6 17. Nh6+ Bxh6 18. Bxh6 Nbd7 19. Rc1 Nc5 20. Nb3 Nxb3 21.
Qxb3 dxc4 22. dxc4 Bxg2 23. Kxg2 Qd7 24. Qf3 Ne4 25. Rfe1 Qc6 26. b3 Re6 27. h4
Rae8 28. Rcd1 Rf6 29. Bf4 Rfe6 30. Bh6 Rf6 31. Bf4 Rfe6 32. Bh6 Rf6 1/2-1/2